000 01568nam a22003857a 4500
003 CHAP
005 20220329143833.0
008 111125s2011 mx r 00010 spa d
010 _a102569
011 _a103541
035 _a114230
040 _cCHAP
090 _aTesis
100 1 _aLabra Martínez, Rosa Esmeralda.
_964296
245 1 0 _aIdentificación de la población Gopherus flavomarginatus en cautiverio
_h[En línea]
_c/por Rosa Esmeralda Labra Martínez
260 _aBermejillo, Dgo.
_bEl autor,
_c2011
500 _aPara ver el contenido del material haga clic en la liga
502 _aTesis (Ing. Agr. en Sistemas Pecuarios de Zonas Áridas) -- UACH. Unidad Regional Universitaria de Zonas Áridas
590 _aALEPH
_b10
_c20130110
_lUCH01
_h1543
590 _aBATCH-UPD
_b10
_c20130110
_lUCH01
_h0919
590 _aBATCH-UPD
_b10
_c20130410
_lUCH01
_h0542
590 _aBATCH-UPD
_b10
_c20130914
_lUCH01
_h0630
590 _aBATCH-UPD
_b10
_c20140324
_lUCH01
_h1528
590 _aBATCH-UPD
_b10
_c20141002
_lUCH01
_h0852
590 _aCONVERSION
_b10
_c20130109
_lUCH01
_h1356
650 1 4 _aÁreas protegidas.
_982451
650 1 4 _aBiodiversidad
_xConservación.
_912726
650 1 4 _aReserva de la Biósfera de Mapimí, Dgo.
_996093
650 1 4 _aTortuga
_xCautiverio.
_9114333
856 _3Finding aid
_uhttp://10.13.5.2/tesis/114230.pdf
_zTeclea aqui
901 _aBK
942 _cFOLL
949 _aTesis
_bBC
_cTES
_d33724002313743
_eTS1
_gDonaciØn
_h53048
_i114230
_st
949 _aTesis
_bBC
_cTES
_d33724002313785
_eTS2
_fc.2
_gDonaciØn
_h53049
_i114230
_st
999 _c102569
_d102569